Transcendental personalism : vedic answers for the human situation /

Hlavní autor: Suhotra, svámí, 1950-2007
Jazyk: Angličtina
Vydáno: [Česko : s.n.], c2014
Témata:
Fyzický popis: 168 s. ; 22 cm
Knihy
Uloženo v:
LEADER 02121nam a2200589 a 4500
001 nkc20142574983
003 CZ PrNK
005 20140729080231.0
007 ta
008 140624s2014 xr e 000 0 eng
015 |a cnb002574983 
020 |a 978-80-260-5893-9  |q (váz.) 
035 |a (OCoLC)886602228 
040 |a ABA001  |b cze 
072 7 |a 22/24  |x Náboženství Dálného východu. Indická náboženství. Hinduismus. Buddhismus  |2 Konspekt  |9 5 
080 |a 17.02  |2 MRF 
080 |a 2-18  |2 MRF 
080 |a 130.33-025.18  |2 MRF 
080 |a 141.144  |2 MRF 
080 |a 233  |2 MRF 
080 |a 165.31/.32  |2 MRF 
080 |a 231-1/-9  |2 MRF 
080 |a 233.2  |2 MRF 
080 |a 14(540)  |2 MRF 
080 |a (049)  |2 MRF 
100 0 |a Suhotra,  |c svámí,  |d 1950-2007  |7 jx20100713006  |4 aut 
245 1 0 |a Transcendental personalism :  |b vedic answers for the human situation /  |c Suhotra Swami 
260 |a [Česko :  |b s.n.],  |c c2014 
300 |a 168 s. ;  |c 22 cm 
650 0 7 |a smysl života  |7 ph125718  |x hinduistické pojetí  |2 czenas 
650 0 7 |a lidstvo  |7 ph122350  |x hinduistické pojetí  |2 czenas 
650 0 7 |a vesmírná harmonie  |7 ph328390  |x hinduistické pojetí  |2 czenas 
650 0 7 |a personalismus  |7 ph124050  |x hinduistické pojetí  |2 czenas 
650 0 7 |a transcendentální filozofie  |7 ph116474  |2 czenas 
650 0 7 |a učení védismu  |7 ph228425  |2 czenas 
650 0 7 |a kršnaismus  |7 ph241812  |2 czenas 
650 0 7 |a indická filozofie  |7 ph121060  |2 czenas 
650 0 9 |a sense of life  |x Hindu approach  |2 eczenas 
650 0 9 |a human beings  |x Hindu approach  |2 eczenas 
650 0 9 |a cosmic harmony  |x Hindu approach  |2 eczenas 
650 0 9 |a personalism  |x Hindu approach  |2 eczenas 
650 0 9 |a transcendentalism  |2 eczenas 
650 0 9 |a Vedic doctrine  |2 eczenas 
650 0 9 |a Krishnaism  |2 eczenas 
650 0 9 |a Indic philosophy  |2 eczenas 
655 7 |a pojednání  |7 fd133056  |2 czenas 
655 9 |a essays  |2 eczenas 
910 2 |a BOA001  |b 2-1257.248 
990 |a BK 
995 |a 01 
991 |b 201407  |c NOV  |e n 
996 6 |b 2610595802  |c 2-1257.248  |l MZK  |r Sklad / do 1 hodiny  |n 0  |p p.v.  |w 001431939  |u 000010  |a 1  |e BOA001  |j MZK50  |s P